Skip to main content
Your cart is empty.
Your lists
Log in to create your own lists
Your cookies
العربية
English
العربية
Home
Search
Advanced search
Authority search
About
The noble scholar, jurist, historian
His Excellency Dr. Abdul Wahhab bin Ibrahim Abu Sulaiman, may Allah have mercy on him.
He was born in Umm Al-Qura in the year 1356 AH.
Library catalog
Title
Author
Subject
ISBN
ISSN
Series
Call number
Log in to your account
×
Login:
Password:
Home
MARC view: تهذيب الخواص من درة الغواص /
Normal view
MARC view
ISBD view
تهذيب الخواص من درة الغواص / (Record no. 637)
[
view plain
]
MARC details
000 -LEADER
fixed length control field
01789cam a22003371i 4500
003 - CONTROL NUMBER IDENTIFIER
control field
SA-RiAUC
005 - DATE AND TIME OF LATEST TRANSACTION
control field
20241104144820.0
008 - FIXED-LENGTH DATA ELEMENTS--GENERAL INFORMATION
fixed length control field
240927s1994 su g b 00010 ara c
020 ## - INTERNATIONAL STANDARD BOOK NUMBER
International Standard Book Number
3036179960
040 ## - CATALOGING SOURCE
Original cataloging agency
SA-RiAUC
Language of cataloging
ara
Transcribing agency
SA-RiAUC
Description conventions
rda
050 #4 - LIBRARY OF CONGRESS CALL NUMBER
Item number
I345 1994
082 04 - DEWEY DECIMAL CLASSIFICATION NUMBER
Classification number
415.1
Assigning agency
SA-RiAUC
090 ## - LOCALLY ASSIGNED LC-TYPE CALL NUMBER (OCLC); LOCAL CALL NUMBER (RLIN)
Classification number (OCLC) (R) ; Classification number, CALL (RLIN) (NR)
415.1
Local cutter number (OCLC) ; Book number/undivided call number, CALL (RLIN)
ا ب ن م
100 1# - MAIN ENTRY--PERSONAL NAME
Personal name
ابن منظور، محمد بن مكرم بن علي،
Dates associated with a name
630-711 هجري
Relator term
مؤلف.
245 10 - TITLE STATEMENT
Title
تهذيب الخواص من درة الغواص /
Statement of responsibility, etc.
تأليف محمد بن مكرم بن منظور الأنصاري ؛ دراسة وتحقيق الشريف عبد الله علي الحسيني البركاتي.
250 ## - EDITION STATEMENT
Edition statement
الطبعة الأولى.
264 #1 - PRODUCTION, PUBLICATION, DISTRIBUTION, MANUFACTURE, AND COPYRIGHT NOTICE
Place of production, publication, distribution, manufacture
مكة المكرمة :
Name of producer, publisher, distributor, manufacturer
نادى مكة الثقافى الأدبى،
Date of production, publication, distribution, manufacture, or copyright notice
1994
300 ## - PHYSICAL DESCRIPTION
Extent
312 صفحة ؛
Dimensions
24 سم.
336 ## - CONTENT TYPE
Content type term
نص
Content type code
txt
Source
rdacontent
Materials specified
كتاب
337 ## - MEDIA TYPE
Media type term
بدون وسيط
Media type code
n
Source
rdamedia
338 ## - CARRIER TYPE
Carrier type term
مجلد
Carrier type code
nc
Source
rdacarrier
490 0# - SERIES STATEMENT
Series statement
مطبوعات نادي مكة الثقافي الأدبي ؛
Volume/sequential designation
92
504 ## - BIBLIOGRAPHY, ETC. NOTE
Bibliography, etc. note
ببليوجرافية : صفحة 52-54.
650 #7 - SUBJECT ADDED ENTRY--TOPICAL TERM
Topical term or geographic name entry element
اللغة العربية
General subdivision
نحو
Source of heading or term
aucsh
700 12 - ADDED ENTRY--PERSONAL NAME
Relationship information
تهذيب لـ (عمل) :
Personal name
الحريري، القاسم بن علي بن محمد،
Dates associated with a name
446-516 هجري.
Title of a work
درة الغواص في أوهام الخواص
700 12 - ADDED ENTRY--PERSONAL NAME
Relationship information
تحقيق لـ (عمل) :
Personal name
ابن منظور، محمد بن مكرم بن علي،
Dates associated with a name
630-711 هجري.
Title of a work
تهذيب الخواص من درة الغواص
700 1# - ADDED ENTRY--PERSONAL NAME
Personal name
البركاتي، عبد الله علي عبد الحميد،
Dates associated with a name
1357-1418 هجري
Relator term
محقق.
830 #0 - SERIES ADDED ENTRY--UNIFORM TITLE
Uniform title
مطبوعات نادي مكة الثقافي الأدبي
Volume/sequential designation
92
942 ## - ADDED ENTRY ELEMENTS (KOHA)
Source of classification or shelving scheme
Dewey Decimal Classification
Koha item type
Books
Suppress in OPAC
No
949 ## - LOCAL PROCESSING INFORMATION (OCLC)
a
SA-JeALM
d
240927
u
mohamedma123
n
1
Holdings
Withdrawn status
Lost status
Source of classification or shelving scheme
Damaged status
Not for loan
Home library
Current library
Date acquired
Total checkouts
Full call number
Barcode
Date last seen
Price effective from
Koha item type
Dewey Decimal Classification
DR AbdElwahab Library
DR AbdElwahab Library
09/28/2024
415.1 ا ب ن م
000000932
09/28/2024
09/28/2024
Books
Dewey Decimal Classification
DR AbdElwahab Library
DR AbdElwahab Library
11/04/2024
415.1 ا ب ن م
000003166
11/04/2024
11/04/2024
Books
Place hold
Print
Add to your cart
(remove)
Save record
BIBTEX
Dublin Core
MARCXML
MARC (non-Unicode/MARC-8)
MARC (Unicode/UTF-8)
MARC (Unicode/UTF-8, Standard)
MODS (XML)
RIS
ISBD
More searches
Search for this title in:
Other Libraries (WorldCat)
Other Databases (Google Scholar)
Online Stores (Bookfinder.com)
Open Library (openlibrary.org)
Exporting to Dublin Core...
×
Simple DC-RDF
OAI-DC
SRW-DC